Safety prospects of the 2025 NFL Draft - Statistics

General Stats
  • This quiz has been taken 20 times
    13 since last reset
  • The average score is 9 of 25
Answer Stats
Position College Name % Correct
S Georgia Malaki Starks
90%
S Notre Dame Xavier Watts Jr.
70%
S South Carolina Nick Emmanwori
60%
S Texas Andrew Mukuba
50%
S Oklahoma Billy Bowman Jr.
40%
S Penn St. Jaylen Reed
40%
S Virginia Jonas Sanker
40%
S Penn St. Kevin Winston Jr.
40%
S Alabama Malachi Moore
40%
S Iowa Sebastian Castro
40%
S California Craig Woodson
30%
S Wisconsin Hunter Wohler
30%
S Nevada Kitan Crawford
30%
S Ohio St. Lathan Ransom
30%
S Kansas St. Marques Sigle
30%
S Navy Rayuan Lane
30%
S Clemson R.J. Mickens
30%
S Colorado Shilo Sanders
30%
S Maryland Dante Trader Jr.
20%
S Iowa St. Malik Verdon
20%
S Toledo Maxen Hook
20%
S Georgia Dan Jackson
10%
S Maryland Glendon Miller
10%
S Illinois St. Keyondre Jackson
10%
S Oklahoma St. Trey Rucker
10%
No matching quizzes found
Score Distribution
Percent of People with Each Score
Percentile by Number Answered
Your Score History
You have not taken this quiz since the last reset